Statistics for Books by Letter W

Click here to take the quiz!

General Stats

  • This quiz has been taken 25 times
  • The average score is 7 of 15

Answer Stats

HintBook% Correct
In 1801, Lockwood, a wealthy young man from the south of England, who is seeking peace and recuperation, rents Thrushcross Grange in Yorkshire. He visits his landlord, Heathcliff, who lives in a remote moorland farmhouse.Wuthering Heights
96%
The novel chronicles the French invasion of Russia and the impact of the Napoleonic era on Tsarist society through the stories of five Russian aristocratic families.War and Peace
88%
When a young rabbit named Fiver has a prophetic vision that the end of his warren is near, he persuades seven other rabbits to leave with him in search of a new home.Watership Down
84%
A young adult novel by Kenneth Graham which follows the adventures of the anthropomorphic animals Mole, Rat, Badger, Toad, and their friends.Wind in the Willows
80%
The plot follows young artist Walter Hartright who one night comes across a ghostly woman dressed white, lost in London.The Woman in White
68%
The novel is the first-person narrative of both an unnamed protagonist in Surrey and of his younger brother in London as southern England is invaded by Martians.War of the Worlds
64%
The novel describes a world of harmony and conformity within a united totalitarian state.We
60%
When Kevin grows from a fussy, demanding toddler into a sociopathic teen, Eva is forced to deal with the aftermath of her son's horrific act.We Need to talk About Kevin
48%
Born with facial differences that, up until now, have prevented him from going to a mainstream school, Auggie Pullman becomes the most unlikely of heroes when he enters the local fifth grade.Wonder
36%
Describing the background to Mr Rochester's marriage from the point-of-view of his mad wife Antoinette Cosway, a Creole heiress.Wide Sargasso Sea
32%
Jacob joins a travelling circus as a vet after the death of his parents. Their boss has a violent streak that keeps everyone at bay, including his wife, Marlena. Jacob soon falls in love with Marlena.Water for Elephants
28%
Gerry, a former United Nations employee, unexpectedly finds himself in a race against time as he investigates a threatening virus that turns humans into zombies.World War Z
24%
A lawyer is assigned to travel to a village to examine a house that belonged to a recently deceased woman. He discovers the spirit of the same woman and learns that she's killing the village children.The Woman in Black
20%
The book is told from the point of view of two teenage boys, both named Will Grayson.Will Grayson, Will Grayson
8%
After Mary's grandmother is hanged as a witch, Mary is spirited away by a noblewoman, her long-lost mother, who sends her to America to escape persecution.Witch Child
8%

Score Distribution

Percentile by Number Answered

Percent of People with Each Score

Your Score History

You have not taken this quiz